Statistics for Countries that are 2 borders away from Germany

Click here to take the quiz!

General Stats

  • This quiz has been taken 106 times
  • The average score is 12 of 14

Answer Stats

Answer% Correct
Spain
98%
Italy
97%
Lithuania
96%
Hungary
95%
Slovenia
95%
Belarus
93%
Russia
93%
Slovakia
93%
Ukraine
93%
Andorra
92%
Liechtenstein
90%
Monaco
86%
Brazil
42%
Suriname
40%

Score Distribution

Percentile by Number Answered

Percent of People with Each Score

Your Score History

You have not taken this quiz